El Mercurio de Valparaíso: su rol de difusión de la ciencia y tecnología en el Chile decimonónico
Đã lưu trong:
| Những tác giả chính: | , |
|---|---|
| Định dạng: | Sách |
| Ngôn ngữ: | Tiếng Tây Ban Nha |
| Được phát hành: |
Santiago
Bravo y Allende
2010
|
| Phiên bản: | 1a. ed |
| Những chủ đề: | |
| Các nhãn: |
Thêm thẻ
Không có thẻ, Là người đầu tiên thẻ bản ghi này!
|
MARC
| LEADER | 00000cam a2200000 a 4500 | ||
|---|---|---|---|
| 001 | UCG7870 | ||
| 003 | CL-VaPUC | ||
| 008 | 111014e20100000CL |||||||||||||||||spa|d | ||
| 020 | |a 9789563070422 | ||
| 082 | 0 | 4 | |a 983 |b BEC |2 21 |
| 100 | 0 | |a Becerra Riquelme, Silvia |e author |9 558349 | |
| 700 | 0 | |a Saldivia Maldonado, Zenobio |e author |9 558350 | |
| 245 | 1 | 0 | |a El Mercurio de Valparaíso: su rol de difusión de la ciencia y tecnología en el Chile decimonónico |
| 250 | |a 1a. ed | ||
| 300 | |a 214 p | ||
| 942 | |c BK | ||
| 945 | |d 20111014 00:00:00 |a dcastane | ||
| 260 | |a Santiago |b Bravo y Allende |c 2010 | ||
| 600 | 0 | 7 | |a EL MERCURIO |2 CL-VaPUC |9 446120 |
| 650 | 0 | |a Historia de Chile |9 265473 | |
| 650 | 0 | |a Prensa |9 258117 | |
| 650 | 0 | |a Imprenta |9 265883 | |
| 650 | 0 | |a Periodismo |9 310113 | |
| 650 | 0 | |a Diarios |9 420844 | |
| 583 | |a last modification |c 20111014 14:55:00 |k Rodrigo Vera | ||
| 999 | |c 345561 |d 345559 | ||
| 952 | |0 0 |1 0 |3 erb |4 0 |6 983_000000000000000_BEC_2010 |7 0 |8 X |9 444460 |a FDOBUD |b FDOBUD |i 5325366 |o 983 BEC 2010 |p 5325366 |r 2019-11-22 |w 2019-11-22 |y BK_X |z Catalogado en:20161216 |k BUD | ||